Obálka Náhled e-knihy:
Epub
Pro půjčování e-knih musíte být přihlášeni.
Jak si půjčit online?

The Dryad /

\"There\'s nothing like the fresh mountain air, waves lapping against the beach, the wind caressing your chest, the water touching your crotch...This is an erotic short story collection from Cupido. The collection includes the following short \"He is laying naked in the forest when he...

Celý popis

Uloženo v:
Hlavní autor: Cupido, (Autor)
Médium: E-kniha
Jazyk:Czech
Vydáno: Praha : Saga Egmont, 2020
Tagy:
Žádné tagy
LEADER 01915nam a22002297i 4500
001 312244
007 ta
008 260601s2020 xr ||||| |||| 00| 0 cze d
020 |a 9990003950635 
044 |a xr 
100 1 |a  Cupido,   |4 aut 
245 1 0 |a The Dryad /  |c  Cupido,  
264 1 |a Praha :  |b Saga Egmont,  |c 2020 
300 |a 1 online zdroj (20 stran) 
336 |a text  |b txt  |2 rdacontent 
337 |a bez média  |b n  |2 rdamedia 
338 |a online zdroj  |b cr  |2 rdacarrier 
520 2 |a \"There\'s nothing like the fresh mountain air, waves lapping against the beach, the wind caressing your chest, the water touching your crotch...This is an erotic short story collection from Cupido. The collection includes the following short \"He is laying naked in the forest when he sees a girl approaching. She hids from him – and peep at him. No wonder he is getting excited!\" – The Dryad by Christian, Oslo 1\"The man with a big M swept her off her feet. They were supposed to be at a party, but they headed straight for the forest!\" – A Summer Hike in the Forest by Elisabeth, Stavanger\"I want to take off all your clothes, and then I want you to walk on naked – all the way to the top.\" – Erotics in the Mountains by Torje Sauna, Jølster\"The dream was a hole-in-one – straight into the hole on the first try. But the dream hole seemed completely out of reach.\" – The 19th Hole by Magne L., Hedmark\"He found his place by the sea. He stripped naked, stretched out, and his blood quickly found its way to the right place.\" 
910 |a RBIT002 
998 |d 395063  |a https://core.palmknihy.cz/api/books/395063/cover?sfbrcg  |b https://core.palmknihy.cz/api/books/395063/cover/400?sfbrcg  |c https://core.palmknihy.cz/api/books/395063/cover/50?sfbrcg  |e   |g 20  |i 9990003950635  |j https://core.palmknihy.cz/api/books/395063/preview.epub  |l   |q 49  |r 1  |s https://www.palmknihy.cz/kniha/395063  |t ebook  |y 2020  |z 1 
999 |d 312242